Carrera administrativa y gobernabilidad democrática: reinventando la burocracia /
Uloženo v:
| Hlavní autor: | |
|---|---|
| Médium: | Text |
| Témata: | |
| Tagy: |
Přidat tag
Žádné tagy, Buďte první, kdo vytvoří štítek k tomuto záznamu!
|
MARC
| LEADER | 00000 a a2200000 04500 | ||
|---|---|---|---|
| 001 | 14145 | ||
| 003 | |||
| 040 | |||
| 100 | |a Caplan de Cohen, Norma | ||
| 245 | |a Carrera administrativa y gobernabilidad democrática: |b reinventando la burocracia / |c Norma Caplan de Cohen | ||
| 650 | |a ADMINISTRACION | ||
| 650 | |a GOBERNABILIDAD | ||
| 650 | |a DEMOCRACIA | ||
| 650 | |a MODERNIZACION | ||
| 650 | |a REFORMA ADMINISTRATIVA | ||
| 650 | |a SECTOR PUBLICO | ||
| 650 | |a ECONOMIA | ||
| 650 | |a RECURSOS HUMANOS | ||
| 650 | |a PRIVATIZACION | ||
| 650 | |a AMERICA LATINA | ||
| 773 | |g número 42 -43; páginas 23-40 | ||
| 999 | |c 38524 |d 38524 | ||
